=LDR 00000nam 2200000 4500 =001 INLIS000000000006268 =005 20130612094424 =008 ***********************************Ind** =035 ##$$a0010-061300000006268 =041 ##$$a Ind =082 ##$$a 005.72 =090 ##$$a 005.72 Mal p =100 ##$$a Malvino, Albert Paul =245 ##$$a Prinsip-prinsip dan penerapan digital/Albert Paul Malvino; alih bahasa Irawan Wijaya =260 ##$$a 1992 $b Jakarta =300 ##$$a 482 hlm. : ilus. ; 23 cm =650 ##$$a Komputer =700 ##$$a Wijaya, Irawan =850 ##$$a NBPNMAT =990 ##$$a 0001/BPAP-NTB/20142014